| 000 | 01394cam a22001934a 4500 | ||
|---|---|---|---|
| 005 | 20250605164231.0 | ||
| 008 | 250528s ||||||||||||||||||||||||d | ||
| 035 | _a20956 | ||
| 020 | _a9789602662304 | ||
| 040 |
_aGR-AtMCL _bgre _dGR-AtMCL _eAACR2 |
||
| 245 | 1 | _aΣχεδιασμός των Μεταφορών και Στοιχεία Σιδηροδρομικής | |
| 260 |
_bΣυμμετρία, _c2008 |
||
| 300 | _a378 | ||
| 520 | _aΕισαγωγή στην Τεχνική των Μεταφορών, Συστατικά Στοιχεία Μεταφορικών Συστημάτων, Η Ζήτηση για Μεταφορές, Η Προσφορά Μεταφορικής Εξυπηρέτησης, Μεταφορικά Δίκτυα, Σιδηροδρομική Τεχνική, Επιδομή, Υποδομή, Τροχαίο Υλικό, Τερματικές Εγκαταστάσεις, Μέσα Ασφάλειας Σιδηροδρόμων, Απόδοση Σιδηροδρομικού Δικτύου, Σχεδιασμός Σιδηροδρομικού Δικτύου, Σιδηροδρομικές Μεταφορές στην Ελλάδα, Πίνακες και Νομογραφήματα, Βιβλιογραφία, Ερωτήσεις και Προβλήματα. | ||
| 700 | 1 |
_aΜατσούκης Ευάγγελος - Γεράσιμος _96948 |
|
| 942 | _cBK | ||
| 999 |
_c6033 _d6033 |
||